Машиностроительное производство. 1986, Вып.1: Управление технологическими режимами работы оборудования в гибких производственных системах (Запись № 2777316)

Подробности
000 -МАРКЕР
контрольное поле 01600nam2a22002531 4500
001 - ИДЕНТИФИКАТОР ЗАПИСИ
контрольное поле RU\NLR\INFOCOMM10\1000235039
005 - ИДЕНТИФИКАТОР ВЕРСИИ
контрольное поле 20250617063004.0
035 ## - ДРУГИЕ СИСТЕМНЫЕ НОМЕРА
Идентификатор записи (NLR Aleph) 002522623
100 ## - ДАННЫЕ ОБЩЕЙ ОБРАБОТКИ
Данные общей обработки 20040422d1986 |||y0rusy50 ca
101 0# - ЯЗЫК РЕСУРСА
Язык текста, звукозаписи и т.д. русский
102 ## - СТРАНА ПУБЛИКАЦИИ ИЛИ ПРОИЗВОДСТВА
Страна публикации российская федерация
105 ## - ПОЛЕ КОДИРОВАННЫХ ДАННЫХ: ТЕКСТОВЫЕ МАТЕРИАЛЫ, МОНОГРАФИЧЕСКИЕ
Кодированные данные о монографическом текстовом документе y |||||||||
200 1# - ЗАГЛАВИЕ И СВЕДЕНИЯ ОБ ОТВЕТСТВЕННОСТИ
Основное заглавие Управление технологическими режимами работы оборудования в гибких производственных системах
Первые сведения об ответственности Л.Ю. Лищинский
210 ## - ПУБЛИКАЦИЯ, РАСПРОСТРАНЕНИЕ И ДР.
Дата издания, распространения и т.д. 1986
Место издания, распространения и т.д. Б. м.
461 #0 - УРОВЕНЬ НАБОРА
Встроенное поле 001RU\NLR\INFOCOMM10\1000235038
-- 2001#$aМашиностроительное производство$eОбзор. информ.$iСерия "Автоматизированные системы проектирования и управления"$fВНИИ информ. и техн.-экон. исслед. по машиностроению и робототехнике (ВНИИТЭМР)$v1986, Вып.1
Системный номер (АБИС) связанной записи 2777309
Место публикации М.
Дата публикации 1986-
Первые сведения об ответственности ВНИИ информ. и техн.-экон. исслед. по машиностроению и робототехнике (ВНИИТЭМР)
Заглавие части Серия "Автоматизированные системы проектирования и управления"
Сведения, относящиеся к заглавию Обзор. информ.
Заглавие Машиностроительное производство
ISSN 0131-5293
Номер тома 1986, Вып.1
700 #1 - ИМЯ ЛИЦА - ПЕРВИЧНАЯ ОТВЕТСТВЕННОСТЬ
Начальный элемент ввода Лищинский
Часть имени, кроме начального элемента ввода Л.Ю.
Код отношения Автор
801 #1 - ИСТОЧНИК ЗАПИСИ
Страна российская федерация
Организация InfoComm
Дата составления 20040422
801 #0 - ИСТОЧНИК ЗАПИСИ
Страна российская федерация
Организация NLR
Правила каталогизации PSBO
852 ## - МЕСТОНАХОЖДЕНИЕ И ШИФР ХРАНЕНИЯ
Идентификатор организации NLR
Шифр хранения (Call Number) П10/6365
942 ## - ДОПОЛНИТЕЛЬНЫЕ ЭЛЕМЕНТЫ ЗАПИСИ (АБИС)
Тип экземпляра АБИС Выпуск
980 ## - КОЛЛЕКЦИЯ
Название коллекции Национальная библиография
980 ## - КОЛЛЕКЦИЯ
Название коллекции Русская периодика

Нет доступных экземпляров.